| 000 | 01075nam a2200277 i 4500 | ||
|---|---|---|---|
| 001 | bg | ||
| 245 | 0 | 0 |
_aInformations [!] Systems' Architecture and Technology ISAT '97 : _bproceedings of the 19th ISAT International Scientific School / _ced. by Mieczysław Bazewicz ; Wrocław University of Technology. |
| 260 |
_aWrocław : _bOficyna Wydawnicza Politechniki Wrocławskiej, _c1997. |
||
| 300 |
_a236 s. : _bfot., rys., 1 wykr. ; _c24 cm. |
||
| 490 | 1 |
_aBiblioteka Informatyki Szkół Wyższych = _aLibrary of Informatics of University Level Schools |
|
| 500 | _aStreszcz. pol. | ||
| 504 | _aBibliogr. przy ref. | ||
| 650 | 9 | _aInteligencja sztuczna | |
| 650 | 9 | _aSystemy informatyczne | |
| 655 | _aMateriały konferencyjne | ||
| 700 | 1 |
_aBAZEWICZ, Mieczysław. _erd |
|
| 710 | 0 | _aPOLITECHNIKA WROCŁAWSKA (Wrocław) | |
| 830 | 0 | _aBiblioteka Informatyki Szkół Wyższych | |
| 020 | _a8370853129 | ||
| 040 | _cBPK | ||
| 041 | 0 |
_aen _bpl |
|
| 080 | _a004.8:004.03](061) | ||
| 920 | _a83-7085-312-9 | ||
| 942 | _cKS | ||
| 008 | s pl f |000 0 pol | ||
| 999 |
_c33173 _d33173 |
||